000 00590nam a2200205Ia 4500
003 GCL
008 140319s9999 xx 000 0 ara d
040 _aGCL /
_cGCL
082 0 4 _aط
_b371.9044
_bس ع
100 1 _aشركة سفير
245 1 0 _aلون وتعلم الرياضيات 2ج /
_cشركة سفير
260 _a[S.N] :
_bشركة سفير ،
_c1989
490 _aعالم التلوين
_v0
650 0 4 _aالاطفال
650 0 4 _aالكتابة
650 0 4 _aالرياضيات
650 0 4 _aالقراءة
650 0 4 _aتعلم الاطفال
942 _2ddc
_cBK
999 _c57036
_d57036